ბათუმის შოთა რუსთაველის სახელმწიფო უნივერსიტეტის ბიბლიოთეკა

Микроэкономика (ბიბ.ჩანაწერი № 37068)

000 -LEADER
fixed length control field 00626nam a2200217Ia 4500
001 - CONTROL NUMBER
control field 3022
003 - CONTROL NUMBER IDENTIFIER
control field GE_BSU
008 - FIXED-LENGTH DATA ELEMENTS--GENERAL INFORMATION
fixed length control field 181216s||||||||xx |||||||||||||| ||und||
020 ## - INTERNATIONAL STANDARD BOOK NUMBER
International Standard Book Number 5887700068
040 ## - CATALOGING SOURCE
Transcribing agency GE_BSU
080 ## - UNIVERSAL DECIMAL CLASSIFICATION NUMBER
Universal Decimal Classification number 330.101
100 ## - MAIN ENTRY--PERSONAL NAME
Personal name Долан,Э.Дж. Д.Е. Линдсей.
245 ## - TITLE STATEMENT
Title Микроэкономика
245 ## - TITLE STATEMENT
Statement of responsibility, etc. Э.Дж. Долан, Д.Е. Линдсей.; Под общ. ред. Б. Лисовика и В. Лукашевича.
260 ## - PUBLICATION, DISTRIBUTION, ETC.
Place of publication, distribution, etc. СПб
260 ## - PUBLICATION, DISTRIBUTION, ETC.
Date of publication, distribution, etc. 1994
300 ## - PHYSICAL DESCRIPTION
Extent 448 с. 20 см.
653 ## - INDEX TERM--UNCONTROLLED
Uncontrolled term Микроэкономика
942 ## - ADDED ENTRY ELEMENTS (KOHA)
Koha item type წიგნი
ეგზემპლარები
Withdrawn status Lost status Damaged status Not for loan Date acquired Barcode Date last seen Price effective from Koha item type Public note
        2018-12-17 7948 2018-12-17 2018-12-17 წიგნი დარბაზი
        2018-12-17 7949 2018-12-17 2018-12-17 წიგნი დარბაზი
        2018-12-17 8138 2018-12-17 2018-12-17 წიგნი დარბაზი
        2018-12-17 8139 2018-12-17 2018-12-17 წიგნი დარბაზი
        2018-12-17 8140 2018-12-17 2018-12-17 წიგნი დარბაზი
        2018-12-17 8141 2018-12-17 2018-12-17 წიგნი დარბაზი